00872nam a2200277Ia 4500001000900000003000500009005001700014008004100031010001100072040000900083082001500092100002900107245007400136250001100210260003300221300001200254500001400266503004900280650002800329901001500357902000600372905006300378942001500441999001900456952011900475dia_4521CHAP20240202125034.0220117s xx 000 0 und d a175179 cCHAP a574.192 B4 aBerg Jeremy Mark9156097 aBiochemistry /c By Jaremy Mark Berg, John L Tymoczko,Lubert Stryer. a6° Ed aWh Freeman And Companyc  a1026 P. aI. 235329 a( Include Biographical Reference And Index ) a1.x Bioquimica9156098 a574.192 B4 aM a000000 2007 A M 0000000000ENG00 cLIBRO2ddc c175179d175179 00102ddc40708GRALaIA_bIA_d2022-01-18f1l0o574.192 B4pdia_6316r2022-01-18 00:00:00t1w2022-01-18yLIBRO